Windows NT 4.0 : Microsoft's server and operating system strategy for the future (Record no. 6334)

000 -LEADER
fixed length control field 00464 a2200145 4500
020 ## - INTERNATIONAL STANDARD BOOK NUMBER
International Standard Book Number 156607987X
040 ## - CATALOGING SOURCE
Original cataloging agency DLC
Language of cataloging DLC
082 00 - DEWEY DECIMAL CLASSIFICATION NUMBER
Classification number 005.4469
100 1# - MAIN ENTRY--PERSONAL NAME
Personal name Korzeniowski, Paul.
245 10 - TITLE STATEMENT
Title Windows NT 4.0 : Microsoft's server and operating system strategy for the future
Statement of responsibility, etc. Paul Korzeniowski.
260 ## - PUBLICATION, DISTRIBUTION, ETC.
Place of publication, distribution, etc. Charleston, S.C. :
Name of publisher, distributor, etc. Computer Technology Research,
Date of publication, distribution, etc. 1997.
300 ## - PHYSICAL DESCRIPTION
Extent p. cm.
650 #0 - SUBJECT ADDED ENTRY--TOPICAL TERM
Topical term or geographic name entry element Operating systems (Computers)
942 ## - ADDED ENTRY ELEMENTS (KOHA)
Koha item type Book
Call number prefix 005.4469 KOR
Source of classification or shelving scheme
Holdings
Withdrawn status Lost status Damaged status Not for loan Collection code Permanent Location Current Location Shelving location Date acquired Total Checkouts Full call number Barcode Date last seen Price effective from Koha item type
          Central Library (CL) Central Library (CL) First Floor - Operating System/ Data Structure 05/26/2001   005.4469 KOR SEECS001032 11/14/2012 01/05/2017 Book
© 2023 Central Library, National University of Sciences and Technology. All Rights Reserved.